Arsenic in UK soils: reassessing the risk (Record no. 71798)

MARC details
000 -LEADER
fixed length control field 01043cam a2200253 4500
001 - CONTROL NUMBER
control field ABS66247
008 - FIXED-LENGTH DATA ELEMENTS--GENERAL INFORMATION
fixed length control field 021217n2002 000 0 eng u
035 ## - SYSTEM CONTROL NUMBER
System control number (Sirsi) u120818
100 ## - MAIN ENTRY--PERSONAL NAME
Personal name Rawlins, B
245 ## - TITLE STATEMENT
Title Arsenic in UK soils: reassessing the risk
260 ## - PUBLICATION, DISTRIBUTION, ETC.
Date of publication, distribution, etc. 2002
490 ## - SERIES STATEMENT
Series statement Civil Engineering
Volume/sequential designation 150(4) November 2002, 187-190(4)
520 ## - SUMMARY, ETC.
Summary, etc. This reports on recent studies in northeast England, which reveal that soil arsenic concentrations are frequently above the Government's recently published guideline value of 20mg/kg for residential areas. Though this in itself does not imply a significant health risk, it does show that more frequent and complex contaminated-ground risk assessments are likely to be needed in the UK generally. TAKEN FROM ARTICLE HEADNOTE.
590 ## - LOCAL NOTE (RLIN)
Local note ABS
650 ## - SUBJECT ADDED ENTRY--TOPICAL TERM
Topical term or geographic name entry element GEOLOGY
650 ## - SUBJECT ADDED ENTRY--TOPICAL TERM
Topical term or geographic name entry element POLLUTION
650 ## - SUBJECT ADDED ENTRY--TOPICAL TERM
Topical term or geographic name entry element PUBLIC HEALTH
650 ## - SUBJECT ADDED ENTRY--TOPICAL TERM
Topical term or geographic name entry element ARSENIC
650 ## - SUBJECT ADDED ENTRY--TOPICAL TERM
Topical term or geographic name entry element RISK ASSESSMENT
690 ## - LOCAL SUBJECT ADDED ENTRY--TOPICAL TERM (OCLC, RLIN)
Topical term or geographic name as entry element ENVIRONMENT-CONTAMINATION
700 ## - ADDED ENTRY--PERSONAL NAME
Personal name Lister, B
700 ## - ADDED ENTRY--PERSONAL NAME
Personal name Cave, M
942 ## - ADDED ENTRY ELEMENTS (KOHA)
Suppress in OPAC 0
Holdings
Withdrawn status Lost status Source of classification or shelving scheme Damaged status Not for loan Home library Current library Shelving location Date acquired Total Checkouts Full call number Barcode Date last seen Copy number Price effective from Koha item type
    Dewey Decimal Classification     London London Journal article 17/12/2002   ABS66247 120818-1001 06/08/2019 1 06/08/2019 Journal article